| 000 | 00405nam a22001697a 4500 | ||
|---|---|---|---|
| 005 | 20180220164337.0 | ||
| 008 | 160429b xxu||||| |||| 00| 0 eng d | ||
| 020 | _a81-7693-127-6 | ||
| 041 | _aeng | ||
| 082 |
_b00943 _a152.4 |
||
| 100 |
_aKAPADIA, MALA _9277 |
||
| 245 | _aEmotional intelligence | ||
| 260 |
_aNew Delhi _bBPI India Pvt. Ltd. |
||
| 300 | _a335 | ||
| 650 |
_aManagement _9241 |
||
| 942 | _cBK | ||
| 999 |
_c318 _d318 |
||